000 00205 a2200097 4500
001 2351
100 _aDurand, W F
245 _aAerodynamics theory
260 _aNY
_bDover Pubs
_c1968
090 _c1709
_d1709
942 _aNUST-CAE
_cM
_c7880
999 _c237424
_d237424